Najlepsi Francuscy piłkarze 2024/2025 - Statystyki

Ogólne statystyki
  • Ten quiz został rozwiązany 15 razy
  • Średni wynik to 22 z 50
Statystyki odpowiedzi
KLUB PIŁKARZ % Poprawnych
Real Madryt Aurelien Tchouameni
93%
Real Madryt Kylian Mbappe
93%
Real Madryt Eduardo Camavinga
87%
AC Milan Mike Maignan
87%
PSG Ousmane Dembele
87%
Barcelona Jules Kounde
80%
Juventus Khephren Thuram
80%
PSG Lucas Hernandez
80%
Inter Mediolan Marcus Thuram
80%
Al-Hilal Theo Hernandez
80%
PSG Bradley Barcola
73%
PSG Desire Doue
73%
Liverpool Ibrahima Konate
73%
Bayern Monachium Michael Olise
73%
Chelsea Wesley Fofana
73%
Arsenal William Saliba
73%
AC Milan Youssouf Fofana
73%
Bayern Monachium Dayot Upamecano
67%
PSG Warren Zaire-Emery
67%
Liverpool Hugo Ekitike
60%
Juventus Pierre Kalulu
53%
Manchester City Rayan Cherki
53%
Aston Villa Boubacar Kamara
47%
Crystal Palace Jean-Philippe Mateta
47%
Manchester United Leny Yoro
47%
PSG Lucas Chevalier
47%
AC Milan Christopher Nkunku
40%
Al-Nassr Kingsley Coman
40%
AS Roma Manu Kone
40%
Tottenham Randal Kolo Muani
40%
Tottenham Mathys Tel
33%
PSG Senny Mayulu
33%
RB Lipsk Castello Lukeba
27%
Chelsea Malo Gusto
27%
AS Monaco Maghnes Akliouche
20%
Al-Nassr Mohamed Simakan
20%
West Ham Jean-Clair Todibo
13%
Al-Ittihad Moussa Diaby
13%
Nottingham Forest Arnaud Kalimuendo
7%
Lille Ayyoub Bouaddi
7%
Al-Ahli Enzo Millot
7%
Brighton Georginio Rutter
7%
Eintracht Frankfurt Jean-Matteo Bahoya
7%
Bayer Leverkusen Loic Bade
7%
Lazio Mattéo Guendouzi
7%
Crystal Palace Maxence Lacroix
7%
Bournemouth Bafode Diakite
0%
Nottingham Forest Dilane Bakwa
0%
Burnley Maxime Esteve
0%
Everton Thierno Barry
0%
Nie znaleziono quizów pasujących do podanych kryteriów
Rozkład punktacji
Procent ludzi z każdym wynikiem
Percentyl według liczby udzielonych odpowiedzi
Twoja historia wyników
Nie rozwiązałeś tego quizu